<?xml version="1.0" encoding="UTF-8"?><?xml-stylesheet type="text/xsl" href="static/style.xsl"?><OAI-PMH xmlns="http://www.openarchives.org/OAI/2.0/" xmlns:xsi="http://www.w3.org/2001/XMLSchema-instance" xsi:schemaLocation="http://www.openarchives.org/OAI/2.0/ http://www.openarchives.org/OAI/2.0/OAI-PMH.xsd"><responseDate>2026-06-06T04:19:13Z</responseDate><request verb="GetRecord" identifier="oai:riuma.uma.es:10630/31204" metadataPrefix="marc">https://riuma.uma.es/rest/oai/request</request><GetRecord><record><header><identifier>oai:riuma.uma.es:10630/31204</identifier><datestamp>2026-02-03T11:42:38Z</datestamp><setSpec>com_10630_2254</setSpec><setSpec>col_10630_37956</setSpec></header><metadata><record xmlns="http://www.loc.gov/MARC21/slim" xmlns:dcterms="http://purl.org/dc/terms/" xmlns:doc="http://www.lyncode.com/xoai" xmlns:xsi="http://www.w3.org/2001/XMLSchema-instance" xsi:schemaLocation="http://www.loc.gov/MARC21/slim http://www.loc.gov/standards/marcxml/schema/MARC21slim.xsd">
   <leader>00925njm 22002777a 4500</leader>
   <datafield ind2=" " ind1=" " tag="042">
      <subfield code="a">dc</subfield>
   </datafield>
   <datafield ind2=" " ind1=" " tag="720">
      <subfield code="a">Sánchez-Gómez, Fernando</subfield>
      <subfield code="e">author</subfield>
   </datafield>
   <datafield ind2=" " ind1=" " tag="260">
      <subfield code="c">2021</subfield>
   </datafield>
   <datafield ind2=" " ind1=" " tag="520">
      <subfield code="a">“Juan José Lapitz, memórias de um gastrónomo basco” conta a vida e a história profissional do último grande patriarca da&#xd;
literatura gastronómica basca. Com boa memória, o mestre basco de Hondarribia revê aqui a sua longa e fecunda carreira no mundo da alimentação, da gastronomia e do jornalismo; da micologia, da pesca e da agricultura, temas que abordou em livros de receitas, ensaios, dicionários, artigos, boletins e tratados gastronómicos. O maior feito deste admirável promotor da amizade e da convivência, Juanjo Lapitz, fundador de confrarias e academias gastronómicas de ambos os lados da fronteira, será sempre o de ter abolido as fronteiras culinárias entre o País Basco Francês e País Basco Espanhol.&#xd;
&#xd;
Fernando Sánchez Gómez&#xd;
É o autor da primeira Tese de Doutoramento em Crítica e Jornalismo Gastronómico, publicada em 2014 como “La Cocina de la Crítica: História, Teoria e Prática da Crítica Gastronómica como Género Jornalístico”. Um estudo pioneiro, desenvolvido na&#xd;
Universidade do País Basco, que abre uma nova linha de investigação académica nas Ciências Sociais. Ganhou o” Prémio Euskadi de Gastronomia” e o “Prix de la Litterature Gastronomique” da Academia Internacional de Gastronomia de Paris.</subfield>
   </datafield>
   <datafield ind1="8" ind2=" " tag="024">
      <subfield code="a">Sánchez-Gómez, Fernando (2022). Juan José Lapitz, memórias de um gastrónomo basco. Amazon Books</subfield>
   </datafield>
   <datafield ind1="8" ind2=" " tag="024">
      <subfield code="a">979-8823890700</subfield>
   </datafield>
   <datafield ind1="8" ind2=" " tag="024">
      <subfield code="a">https://hdl.handle.net/10630/31204</subfield>
   </datafield>
   <datafield tag="653" ind2=" " ind1=" ">
      <subfield code="a">Lapitz Mendía, Juan José - Biografías</subfield>
   </datafield>
   <datafield tag="653" ind2=" " ind1=" ">
      <subfield code="a">Gastronomía - País Vasco</subfield>
   </datafield>
   <datafield ind2="0" ind1="0" tag="245">
      <subfield code="a">Juan José Lapitz, memórias de um gastrónomo basco.</subfield>
   </datafield>
</record>
</metadata></record></GetRecord></OAI-PMH>